000 00628cam a2200217 a 4500
001 000018628
005 20200929165831.0
008 830225s1981 fr 000 f fre d
040 _aDO-SdBNP
_bfre
_cLC
_dBNGR
082 _a843.194
_bD418d
100 1 _aDéon, Michel.
_d1919-
_940258
245 1 3 _aUn déjeuner de soleil /
_cMichel Déon.
260 _aParis :
_bGallimard,
_c1981.
300 _a333 p. ;
_c21 cm.
490 1 _aL'imaginaire
650 4 _aNovela francesa
_91075
650 4 _aLiteratura francesa
_ySIGLO XX
_94232
830 0 _aL'imaginaire.
_938951
910 _aCatalogación derivada / LC
049 _aBNGR
999 _c18148
_d18148